000 00608nam a2200229Ia 4500
003 OSt
005 20220918205017.0
006 a|||||r|||| 00| 0
007 ta
008 220917b |||||||| |||| 00| 0 eng d
024 _a115,024
037 _cTextual
040 _aARTS
_cARTS
_beng
041 _2eng
_aeng
082 _aV59B,8:3.N, L4
100 _aHarman Chris
_9113150
245 0 _aBureaucracy and revolution in eastern Europe
260 _aLondon
_bPluto Press
_c1974
650 _aHISTORY
942 _hV59B,8:3.N, L4
_cTEXL
_2CC
999 _c238354
_d238354